| 000 | 00671nam a22002057a 4500 | ||
|---|---|---|---|
| 005 | 20231209121440.0 | ||
| 008 | 231209b ||||| |||| 00| 0 eng d | ||
| 020 | _a9780669167088 | ||
| 040 | _cAL | ||
| 041 | _aeng | ||
| 082 |
_223 _a540 _bZUMC |
||
| 100 |
_aSteven S Zumdahl _9144708 |
||
| 245 | _aChemistry | ||
| 250 | _a2nd ed. | ||
| 260 |
_aToronto _bD C Health and Company _c1989 |
||
| 300 |
_axxv,1091,A95p. _bHB _c25.9x20.5cm. |
||
| 520 | _aThe scientific method; units of measurement; significant figures and calculations; classification of matter; separation of mistures; dimensinal analysis. | ||
| 650 |
_2Chemistry _aChemistry _9144709 |
||
| 942 |
_2ddc _cBK |
||
| 999 |
_c229439 _d229439 |
||